| Tag |
First Indicator |
Second Indicator |
Subfields |
| LEADER |
00000cam a2200000 i 4500 |
| 001 |
in00000041064 |
| 005 |
20151007070622.0 |
| 008 |
800514s1898 enka 00110 eng d |
| 010 |
|
|
|a 04009388
|
| 035 |
|
|
|a (OCoLC)06316524
|
| 035 |
|
|
|9 AAE4362AM
|
| 040 |
|
|
|a MOA
|c MOA
|d TXA
|d UtOrBLW
|
| 049 |
|
|
|a TXAM
|c [101516]
|
| 050 |
|
0 |
|a QK47
|b .V78
|
| 092 |
|
|
|a 580.7
|b V782e
|
| 100 |
1 |
|
|a Vines, Sydney Howard,
|d 1849-1934.
|
| 245 |
1 |
3 |
|a An elementary text-book of botany /
|c by Sydney H. Vines.
|
| 264 |
|
1 |
|a London :
|b S. Sonnenschein & co., lim.;
|a New York :
|b Macmillan company,
|c 1898.
|
| 300 |
|
|
|a xv, 611 pages :
|b illustrations ;
|c 22 cm.
|
| 336 |
|
|
|a text
|b txt
|2 rdacontent
|
| 337 |
|
|
|a unmediated
|b n
|2 rdamedia
|
| 338 |
|
|
|a volume
|b nc
|2 rdacarrier
|
| 650 |
|
0 |
|a Botany.
|
| 999 |
|
|
|a MARS
|
| 999 |
f |
f |
|s f01ba092-3504-334a-be37-0ec0e2c161aa
|i e18f3af0-21d4-3f00-9b69-b4c2e76eb50c
|t 0
|
| 952 |
f |
f |
|p ric
|a Texas A&M University
|b Rellis Campus
|c Joint Library Facility
|d Remote Storage
|t 0
|e QK47 .V78
|h Library of Congress classification
|i unmediated -- volume
|m A14800985304
|
| 998 |
f |
f |
|a QK47 .V78
|t 0
|l Remote Storage
|